A brief relation and exact map of the harbour of New-Castle near Tinmouth-Barre, since December 1672 : when eight ships wee overwhelmed by the freshes, of which six were (as not lying difficult) removed and cleared the first month, the other two being great and deep laden, sunk in the best of the harbour, were blown up with gun-powder a few months after, with some particulars of what change happened that harbour thereupon to this present August following.

Bibliographic Details
Main Author: Custis, Edmond
Format: eBook
Language:English
Published: London : Printed for the author Edmond Custis, 1673.
Series:Early English books online.
Subjects:
Online Access:Connect to the full text of this electronic book

MARC

Tag First Indicator Second Indicator Subfields
LEADER 00000nam a2200000Ia 4500
001 in00004333549
005 20200812093136.0
006 m g d
007 cr bn |||a|bb|
008 051129s1673 enk o 000 0 eng d
035 |a (OCoLC)62369138 
040 |a UMI  |c UMI  |e dcrb 
037 |a CL0037000125  |b ProQuest Information and Learning. 300 N. Zeeb Rd., Ann Arbor, MI 48106 
043 |a e-uk--- 
090 |a DA87.C87  |b 1673 
049 |a UMIA 
100 1 |a Custis, Edmond. 
245 1 2 |a A brief relation and exact map of the harbour of New-Castle near Tinmouth-Barre, since December 1672 :  |b when eight ships wee overwhelmed by the freshes, of which six were (as not lying difficult) removed and cleared the first month, the other two being great and deep laden, sunk in the best of the harbour, were blown up with gun-powder a few months after, with some particulars of what change happened that harbour thereupon to this present August following. 
260 |a London :  |b Printed for the author Edmond Custis,  |c 1673. 
300 |a 1 online resource (1 sheet ([1] pages). 
336 |a text  |b txt  |2 rdacontent 
337 |a computer  |b c  |2 rdamedia 
338 |a online resource  |b cr  |2 rdacarrier 
500 |a Caption title. 
500 |a Imperfect: lacks the map. 
500 |a Reproduction of original in: Bodleian Library. 
510 4 |a Wing (2nd edition)  |c C7703A 
533 |a Electronic reproduction.  |b Ann Arbor, Mich. :  |c UMI,  |d 1999-  |f (Early English books online)  |n Digital version of: (Early English Books, 1641-1700 ; 2847:8)  |7 s1999 miun s 
651 0 |a New Castle  |x History  |v Sources  |v Early works to 1800. 
651 0 |a Tinmouth-Barre  |x History  |v Sources  |v Early works to 1800. 
651 0 |a Great Britain  |x History, Naval  |y 17th century. 
655 7 |a Broadsides  |z England  |y 17th century.  |2 rbgenr 
830 0 |a Early English books online. 
856 4 0 |u http://proxy.library.tamu.edu/login?url=https://search.proquest.com/docview/2240871647  |z Connect to the full text of this electronic book  |t 0 
994 |a 02  |b UMI 
999 f f |s 6be7038f-a614-368e-9cc9-670a4db2d4a6  |i 2bdb1534-37e1-36eb-bb66-ad9deb285a54  |t 0 
952 f f |a Texas A&M University  |b College Station  |c Electronic Resources  |d Available Online  |t 0  |e DA87.C87 1673  |h Library of Congress classification 
998 f f |a DA87.C87 1673  |t 0  |l Available Online